000
00511nam a2200181Ia 4500
008
090123s9999 xx 000 0 und d
082
_b
23657
100
_a
निसळ शांता
245
_a
सुरभी
250
_a
1
260
_b
अनिरुध्द साहित्य प्रकाशन
_c
1994
300
_a
159
600
_a
निसळ शांता
630
_a
सुरभी
700
_a
निसळ शांता
730
_a
सुरभी
942
_c
BOOK
999
_c
61728
_d
61728